[Event "IRI-chT 15th"]
[Site "Tehran"]
[Date "2016.08.03"]
[Round "3.2"]
[White "Darini, Pouria"]
[Black "Motaghi, Sina"]
[Result "1-0"]
[WhiteElo "2527"]
[BlackElo "1729"]
[PlyCount "75"]
[EventDate "2016.08.02"]
[EventType "team-tourn"]
[EventRounds "11"]
[EventCountry "IRI"]
[SourceTitle "EXT 2017"]
[Source "ChessBase"]
[SourceDate "2016.10.25"]
[SourceVersion "1"]
[SourceVersionDate "2016.10.25"]
[SourceQuality "1"]
[WhiteTeam "Tabriz Shahdari"]
[BlackTeam "Ahvaz Madrese Paeiz"]
[WhiteTeamCountry "IRI"]
[BlackTeamCountry "IRI"]

1. e4 e6 2. d4 d5 3. Nc3 Nf6 4. e5 Nfd7 5. f4 c5 6. Nf3 Nc6 7. Be3 cxd4 8. Nxd4 Nxd4 9. Bxd4 Bc5 10. Bxc5 Nxc5 11. Qd4 Qb6 12. 0-0-0 Bd7 13. Be2 Bc6 14. h4 0-0-0 15. b4 Ne4 16. Qxb6 axb6 17. Nxe4 dxe4 18. b5 Rxd1+ 19. Rxd1 Bd7 20. Rd4 f5 21. exf6 gxf6 22. Rxe4 Kc7 23. Bf3 Re8 24. a4 e5 25. fxe5 fxe5 26. Re3 Bf5 27. g4 e4 28. gxf5 exf3 29. Rxf3 Rf8 30. f6 Kd6 31. Kb2 Rf7 32. c4 Ke5 33. Kc3 h5 34. Kb4 Ke4 35. Rf1 Kd4 36. Rd1+ Ke5 37. Rd5+ Kxf6 38. Rxh5 1-0

[Event "IRI-chT 14th"]
[Site "Tehran"]
[Date "2015.11.11"]
[Round "10.2"]
[White "Vojdani, Siavosh"]
[Black "Motaghi, Sina"]
[Result "1-0"]
[WhiteElo "2125"]
[BlackElo "1662"]
[PlyCount "71"]
[EventDate "2015.07.17"]
[EventType "team-tourn"]
[EventRounds "13"]
[EventCountry "IRI"]
[SourceTitle "EXT 2017"]
[Source "ChessBase"]
[SourceDate "2016.10.25"]
[SourceVersion "1"]
[SourceVersionDate "2016.10.25"]
[SourceQuality "1"]
[WhiteTeam "Nasouz Azarakhsh"]
[BlackTeam "Bashgah Paeiz Ahvaz"]
[WhiteTeamCountry "IRI"]
[BlackTeamCountry "IRI"]

1. e4 e6 2. d4 d5 3. Nd2 Nf6 4. e5 Nfd7 5. c3 c5 6. Bd3 Nc6 7. Ne2 cxd4 8. cxd4 f6 9. exf6 Nxf6 10. 0-0 Bd6 11. Nf3 0-0 12. Re1 Bd7 13. Ng3 Qc7 14. Bd2 e5 15. dxe5 Nxe5 16. Nxe5 Bxe5 17. Bb4 Bd6 18. Rc1 Qb6 19. Bxd6 Qxd6 20. Ne4 Qb6 21. Nxf6+ Rxf6 22. Qh5 g6 23. Qxd5+ Be6 24. Rxe6 Qxe6 25. Qxe6+ Rxe6 26. Bc4 Rae8 27. Re1 Kf7 28. f4 Kf6 29. Rxe6+ Rxe6 30. Bxe6 Kxe6 31. Kf2 b5 32. g4 Kd5 33. Ke3 a5 34. b3 h6 35. a3 a4 36. b4 1-0

[Event "IRI-chT 14th"]
[Site "Tehran"]
[Date "2015.09.18"]
[Round "8.4"]
[White "Javanbakht, Nima"]
[Black "Motaghi, Sina"]
[Result "1-0"]
[WhiteElo "2405"]
[BlackElo "1662"]
[PlyCount "81"]
[EventDate "2015.07.17"]
[EventType "team-tourn"]
[EventRounds "13"]
[EventCountry "IRI"]
[SourceTitle "EXT 2016"]
[Source "ChessBase"]
[SourceDate "2015.10.08"]
[SourceVersion "1"]
[SourceVersionDate "2015.10.08"]
[SourceQuality "1"]
[WhiteTeam "Saipa"]
[BlackTeam "Bashgah Paeiz Ahvaz"]
[WhiteTeamCountry "IRI"]
[BlackTeamCountry "IRI"]

1. Nf3 Nf6 2. c4 e6 3. g3 d5 4. b3 Nbd7 5. Bb2 b6 6. Bg2 Bb7 7. 0-0 Bd6 8. cxd5 exd5 9. Nc3 c6 10. Nh4 0-0 11. Nf5 Nc5 12. Nxd6 Qxd6 13. Ba3 d4 14. Na4 Nfd7 15. Rc1 Rfe8 16. Nxc5 bxc5 17. d3 Re5 18. Rc2 Rae8 19. Bf3 g5 20. Qd2 Qg6 21. e4 g4 22. Bg2 h5 23. Rfc1 Qg5 24. Qxg5+ Rxg5 25. Bxc5 Nxc5 26. Rxc5 Ree5 27. R5c4 c5 28. Bf1 Kf8 29. b4 Ba6 30. Rxc5 Rxc5 31. bxc5 Ke7 32. f4 gxf3 33. c6 Bc8 34. Kf2 Kd6 35. Kxf3 Rc5 36. Rxc5 Kxc5 37. c7 Kb4 38. Kf4 Ka3 39. Be2 Kxa2 40. Bxh5 a5 41. Bxf7+ 1-0